00278nam a2200109Ia 4500008004100000082001000041100001900051245002500070260002300095630002500118730002500143100328s9999 xx 000 0 und d b35252 aBlavatsky H.P. aThe Key to Theosophy bTheosophy Co. Ltd. aThe Key to Theosophy aThe Key to Theosophy